Deleted Country Codes Quiz - Statistics

General Stats
  • This quiz has been taken 4 times
  • The average score is 3 of 20
Answer Stats
Code Answer % Correct
DD East Germany
100%
YD South Yemen
75%
VD North Vietnam
50%
RH Rhodesia
50%
DY Dahomey
25%
BQ British Antarctic Territory
0%
CT Canton and Enderbury Islands
0%
AI French Afars and Issas
0%
FQ French Southern and Antarctic Lands
0%
GE Gilbert and Ellice Islands
0%
JT Johnston Island
0%
MI Midway Islands
0%
NH New Hebrides
0%
PZ Panama Canal Zone
0%
NQ Queen Maud Land
0%
SK Sikkim
0%
PC Trust Territory of the Pacific Islands
0%
PU United States Miscellaneous Pacific Islands
0%
HV Upper Volta
0%
WK Wake Island
0%
No matching quizzes found
Score Distribution
Percent of People with Each Score
Percentile by Number Answered
Your Score History
You have not taken this quiz